Marvel Character By Real Name - Statistics

General Stats
  • This quiz has been taken 42 times
  • The average score is 16 of 25
Answer Stats
Real Name Superhero/Supervillain Name % Correct
Peter Parker Spider Man
97%
Bruce Banner Hulk
95%
Tony Stark Iron Man
95%
Steve Rogers Captain America
92%
Thor Odinson Thor
92%
Otto Octavius Doctor Octopus
85%
Stephen Strange Doctor Strange
85%
Michael Morbius Morbius
79%
Carol Danvers Captain Marvel
74%
Johnny Storm Human Torch
69%
Wilson Fisk Kingpin
64%
James Howlett Wolverine
62%
Johnny Blaze Ghost Rider
59%
Curtis Connors Lizard
59%
Marc Spector Moon Knight
59%
Quentin Beck Mysterio
59%
William Baker/Flint Marko Sandman
54%
Cletus Kasady Carnage
51%
Bobby Drake Iceman
51%
Peter Porker Spider Ham
49%
Adrian Toomes Vulture
49%
Aleksei Sytsevich Rhino
41%
Herman Schultz Shocker
23%
Morris Bench Hydro Man
10%
Patrick Mulligan Toxin
5%
No matching quizzes found
Score Distribution
Percent of People with Each Score
Percentile by Number Answered
Your Score History
You have not taken this quiz